All 57 animals of the bible - Statistics

General Stats
  • This quiz has been taken 196 times
    161 since last reset
  • The average score is 24 of 57
Answer Stats
animals % Correct
lion
92%
cow/calf
89%
horse
88%
dog
86%
sheep
86%
fish
85%
pig
84%
donkey
82%
Snake/Adder
77%
goat
75%
dove
74%
camel
68%
frog
65%
crow
63%
bear
62%
eagle
59%
ox
59%
ants
57%
fly/mosquito
54%
wolf
53%
deer
52%
bird
51%
bee
48%
mouse
48%
monkey
44%
mule
44%
bull
41%
fox
41%
leopard
40%
rooster
37%
lizard
34%
spider
34%
owl
31%
hen
30%
vulture
27%
worm
27%
antelope/gazelle
26%
sparrow
26%
grasshopper
24%
falcon
23%
hare
23%
bat
21%
scorpion
20%
snail
17%
quail
15%
flea
14%
moth
13%
ostrich
12%
peacock
12%
hornet
11%
stork
8%
swallow
8%
leech
6%
partridge
4%
rock hyrax
2%
sea ​​cow
1%
corals
0%
No matching quizzes found
Score Distribution
Percent of People with Each Score
Percentile by Number Answered
Your Score History
You have not taken this quiz since the last reset